00682 2200241 4500001002100000005001500021035002500036008004100061245004300102100001700145250000600162260008400168300003500252020001800287082000800305084000800313520002700321650002000348990001800368990001800386990001800404990001800422INLIS00000000000231920251218064022 a0010-121900000002319251218 | ind 1 aModifikasi Hukum Islam /cJaih Mubarok0 aJaih Mubarok a1 aPT. RajaGrafindo Persada : Jakarta :bPT. RajaGrafindo Persada : Jakarta,c2002 a324 hlm.;21cm ;c324 hlm.;21cm a979-421-871-5 a200 a2X4 aAPBD 2014 Rp. 32.000,- 4aHukum Islam 2x4 aB201510094898 aB201510094899 aB201510094900 aB201510094901